| 000 | 00427nam a22001577a 4500 | ||
|---|---|---|---|
| 003 | OSt | ||
| 005 | 20260617110400.0 | ||
| 008 | 260617b |||||||| |||| 00| 0 eng d | ||
| 040 | _cDLC | ||
| 050 |
_a227 _bM817E |
||
| 082 |
_a227 _bM817E |
||
| 245 |
_aEncountering The book Of Romans: _ba theological survey/ _cby Douglas J. Moo |
||
| 260 |
_aGrand Rapids, MI: _bBaker Book Academic, _c2002. |
||
| 300 | _a230p. | ||
| 942 |
_2ddc _cBK |
||
| 999 |
_c11655 _d11655 |
||